Billboard #1 Hits of 2017 - Statistics

General Stats
  • This quiz has been taken 52 times
  • The average score is 8 of 11
Answer Stats
Hint Extra Hint Explanation Answer % Correct
Shape of You 28 Jan (12 wks.) Listen on YouTube Ed Sheeran
93%
Despacito 27 May (16 wks.) Listen on YouTube Luis Fonsi and Daddy Yankee featuring Justin Bieber
86%
Look What You Made Me Do 16 Sep (3 wks.) Listen on YouTube Taylor Swift
86%
Humble 6 May (1 wk.) Listen on YouTube Kendrick Lamar
84%
Starboy 7 Jan (1 wk.) Listen on YouTube The Weeknd featuring Daft Punk
84%
That's What I Like 13 May (1 wk.) Listen on YouTube Bruno Mars
81%
Rockstar 28 Oct (8 wks.) Listen on YouTube Post Malone featuring 21 Savage
72%
Bodak Yellow 7 Oct (3 wks.) Listen on YouTube Cardi B
70%
I'm the One 20 May (1 wk.) Listen on YouTube DJ Khaled featuring Justin Bieber, Quavo, Chance the Rapper and Lil Wayne
67%
Bad and Boujee 21 Jan (3 wks.) Listen on YouTube Migos featuring Lil Uzi Vert
67%
Perfect 23 Dec (6 wks.) Listen on YouTube (duet version)

Listen on YouTube (solo version)
Ed Sheeran featuring Beyoncé (23 Dec—20 Jan); Ed Sheeran (27 Jan)
56%
No matching quizzes found
Score Distribution
Percent of People with Each Score
Percentile by Number Answered
Your Score History
You have not taken this quiz